000 00365nam a2200121Ia 4500
008 220216s9999 xx 000 0 und d
100 _aRidwan Dereinda
245 0 _aNucleus estate and smallholder rubber development in Indonesia: Socio-economic issues for research
650 _aSmallholder rubber
700 _aAsmar-Arsjad
700 _aSadaruddin
942 _cJS
999 _c64218
_d64218